00410nam a2200121Ia 4500008004100000024006000041082001600101100006900117245001800186260002500204600002100229650003800250250506s9999 xx 000 0 und d a00A-25-BCS3, 00A-30-BCS3, 00A-39-BCS3 & 00A-50-BCS3 a004.072 SHA aM.Shahid Ali, Fahad Ashraf, S.Abid Hussaib Jafri & S.Uzair Ahmed 0aE-Mail Server aKarachi:bUIT,c2000 aComputer Science aBachelor of Computer Science (BS)